000 00404nam a22001457a 4500
999 _c532499
_d532499
003 NUST
020 _a9781300246345
_qP/B.
038 _awaseem
082 _a337.51
_bZHA
100 _aYu, Zhang
_926050
245 _aDiscussion of Chinese Scholars on the Socialist Political Economics /
_cZhang Yu
260 _aBeijing :
_bChina Renmin University press,
_c2018.
300 _a225 p. ;
942 _2ddc
_cBK